Young Adult Book Series - Statistics

General Stats
  • This quiz has been taken 117 times
  • The average score is 16 of 28
Answer Stats
Hint Answer % Correct
Suzanne Collins #1 The Hunger Games
95%
J.K. Rowling #3 Harry Potter and the Prisoner of Azkaban
85%
Stephenie Meyer #1 Twilight
85%
J.K. Rowling #2 Harry Potter and the Chamber of Secrets
84%
J.K. Rowling #6 Harry Potter and the Half-Blood Prince
83%
Suzanne Collins #3 Mockingjay
82%
Suzanne Collins #2 Catching Fire
81%
J.K. Rowling #4 Harry Potter and the Goblet of Fire
81%
J.K. Rowling #5 Harry Potter and the Order of the Phoenix
79%
Stephenie Meyer #4 Breaking Dawn
67%
J.K. Rowling #1 Harry Potter and the Sorcerer's Stone
64%
Stephenie Meyer #2 New Moon
63%
Stephenie Meyer #3 Eclipse
62%
J.K. Rowling #8 Harry Potter and the Cursed Child
61%
James Dashner #1 The Maze Runner
59%
Suzanne Collins (prequel) The Ballad of Songbirds and Snakes
57%
Cassandra Clare #1 City of Bones
49%
Cassandra Clare #2 City of Ashes
38%
Cassandra Clare #3 City of Glass
37%
James Dashner #3 The Death Cure
37%
James Dashner #2 The Scorch Trials
37%
Cassandra Clare #6 City of Heavenly Fire
33%
Stephenie Meyer #5 Midnight Sun
33%
J.K. Rowling #7 Harry Potter and the Deathly Hollows
31%
Cassandra Clare #4 City of Fallen Angels
28%
Cassandra Clare #5 City of Lost Souls
26%
James Dashner #4 The Kill Order
22%
James Dashner #5 The Fever Code
19%
No matching quizzes found
Score Distribution
Percent of People with Each Score
Percentile by Number Answered
Your Score History
You have not taken this quiz